Sentando las bases políticas para la integración económica: el Grupo de Río y la concertación regional. /
La autora pone de relieve la importancia del retorno a los regímenes constitucionales de base democrática en los años ochenta, sobre el avance y fortalecimiento de los procesos de integración regional en los años noventa en América Latina. Resalta, en particular, el papel protagónico desempeñado por...
Na minha lista:
| Autor principal: | |
|---|---|
| Formato: | Texto |
| Colecção: | SERIE POLITICAS SOCIALES/CEPAL
|
| Assuntos: | |
| Tags: |
Adicionar Tag
Sem tags, seja o primeiro a adicionar uma tag!
|
MARC
| LEADER | 00000 a a2200000 04500 | ||
|---|---|---|---|
| 001 | 48329 | ||
| 003 | |||
| 040 | |||
| 090 | |a REV1291 4(14) 1998 | ||
| 100 | |a Frohmann, Alicia | ||
| 245 | |a Sentando las bases políticas para la integración económica: el Grupo de Río y la concertación regional. / |c Alicia Frohmann | ||
| 440 | |a SERIE POLITICAS SOCIALES/CEPAL | ||
| 520 | |a La autora pone de relieve la importancia del retorno a los regímenes constitucionales de base democrática en los años ochenta, sobre el avance y fortalecimiento de los procesos de integración regional en los años noventa en América Latina. Resalta, en particular, el papel protagónico desempeñado por el Grupo de Río en estos espectaculares avances. | ||
| 650 | |a POLITICA | ||
| 650 | |a INTEGRACION REGIONAL | ||
| 650 | |a INTEGRACION ECONOMICA | ||
| 650 | |a OEA | ||
| 650 | |a LIBERALIZACION DEL INTERCAMBIO | ||
| 773 | |g volumen4, número14, (1998) | ||
| 999 | |c 28118 |d 28118 | ||
